Cartoons Playing Sports Quiz Stats

 Plays Quiz Updated Apr 27, 2019

Score 0/20 Timer 04:00
2 Plays Today
Sport Answer % Correct
AssortedGoofy
95.6%
FootballCharlie Brown & Lucy van Pelt
95.6%
Mickey Mouse
95.1%
Bugs & Lola Bunny
94.2%
Snoopy
92.5%
Dora the Explorer
92.1%
Yogi Bear
89.9%
HockeyBeavis & Butthead
87.9%
Stewie Griffin
87.7%
Powerpuff Girls
85.8%
Sport Answer % Correct
BaseballArthur Read
82.1%
Squidward Tentacles
77%
Huey, Dewey & Louie
75.5%
Elroy Jetson
75.3%
BasketballArnold Shortman & Gerald Johanssen
72.3%
Bobby Hill
63.3%
Milhouse Van Houten
58.8%
Sterling Archer
58%
Goku
39.2%
Gene Belcher
34.1%

You're not logged in!

Compare scores with friends on all Sporcle quizzes.
OR
Log In

Sporcle TV

Today on Sporcle TV


Watch our educational content, quiz creation guides, and fun videos on Sporcle TV.

Show Comments

Extras

Top Quizzes Today


Score Distribution

Your Account Isn't Verified!

In order to create a playlist on Sporcle, you need to verify the email address you used during registration. Go to your Sporcle Settings to finish the process.

Report this User

Report this user for behavior that violates our Community Guidelines.

Details: